Why Mars And Venus Collide (Record no. 318527)

MARC details
000 -LEADER
fixed length control field 00367nam a2200145Ia 4500
008 - FIXED-LENGTH DATA ELEMENTS--GENERAL INFORMATION
fixed length control field 230718s9999 xx 000 0 und d
041 ## - LANGUAGE CODE
Language code of text/sound track or separate title eng
082 ## - DEWEY DECIMAL CLASSIFICATION NUMBER
Classification number 523.43
Item number GRA
100 ## - MAIN ENTRY--PERSONAL NAME
Personal name Gray J.
9 (RLIN) 110081
245 ## - TITLE STATEMENT
Title Why Mars And Venus Collide
260 ## - PUBLICATION, DISTRIBUTION, ETC. (IMPRINT)
Name of publisher, distributor, etc. Harper Element
365 ## - TRADE PRICE
Currency code Rs.
Price amount 295.00
700 ## - ADDED ENTRY--PERSONAL NAME
Personal name Gray J.
9 (RLIN) 110081
906 ## - LOCAL DATA ELEMENT F, LDF (RLIN)
d B:387318-Mar-2008
c OTH
b 59
Holdings
Withdrawn status Lost status Damaged status Not for loan Home library Current library Date acquired Vendor Budget Code Cost, normal purchase price Bill number Total Checkouts Full call number Barcode Date last seen Date last checked out Discount Cost, replacement price Bill Date Koha item type Original Barcode
        Cummins College of Engineering for Women Pune Cummins College of Engineering for Women Pune 20/03/2008 Tbs OTH 236.00 3873 1 523.43 CCEP-BK-29734 10/11/2023 30/10/2023 59 295.00 18/03/2008 Books 029734